MEDICINAL CHEMISTRY-III (Record no. 32429)

MARC details
000 -LEADER
fixed length control field 00300nam a22001337a 4500
003 - CONTROL NUMBER IDENTIFIER
control field SGT
082 ## - DEWEY DECIMAL CLASSIFICATION NUMBER
Classification number 615.15
Item number DAL
100 ## - MAIN ENTRY--PERSONAL NAME
Personal name DALAI, MANOJ KUMAR
245 ## - TITLE STATEMENT
Title MEDICINAL CHEMISTRY-III
260 ## - PUBLICATION, DISTRIBUTION, ETC. (IMPRINT)
Place of publication, distribution, etc INDIA
Name of publisher, distributor, etc PHARMAMED PUB.
Year of Publication 2024
300 ## - PAGE DESCRIPTION
No. of Pages 235
650 ## - SUBJECT ADDED ENTRY--TOPICAL TERM
Topical term or geographic name as entry element MEDICINAL CHEMISTRY
942 ## - ADDED ENTRY ELEMENTS (KOHA)
Source of classification or shelving scheme Dewey Decimal Classification
Koha item type Books
Holdings
Withdrawn status Lost status Source of classification or shelving scheme Damaged status Not for loan Collection code Home library Current library Shelving location Date acquired SGTU Total Checkouts Full call number Accession No. (Barcode) Date last seen Bill Date Koha item type
    Dewey Decimal Classification     SCIENCE SGT Science & Social Sciences Library SGT Science & Social Sciences Library Text Book 25/08/2025 SGTU   615.15 DAL DP116 25/08/2025 25/08/2025 Books